00899nam a22002417a 4500003000500000005001700005008004100022010001000063011001000073035001000083040000900093100003100102245022700133260009100360300003700451490001900488650002300507650002800530650002500558700002700583700002800610830001900638CHAP20220329134808.0971013s1975 r 00010 d a26050 a27022 a31123 cCHAP00aBurgos Martínez, Felipe. aPrimeros estudios sobre la biología y el combate de dos escarabajos descortezadores de pino en los bosques de la Unidad Forestal de San Rafael y áreas contíguas (Dendroctonus mexicanus Hpk. y Dendroctonus valens Lec) aSan Rafael, Méx. :bUnidad Industrial de Explotación Forestal de San Rafael,c1975 a61 p.b: ilus. ; gráfs. ; mapa aBoletínv; 714aControl de plagas.14aDendroctonus mexicanus.14aDendroctonus valens.0 aIslas Salas, Federico.0 aVilla Salas, Avelino B.0 aBoletínv; 7